Quick Pick: Cities in Northern Hemisphere Quiz Stats

 Plays Quiz Updated Oct 24, 2019

Score 0/15 Timer 01:00
8 Plays Today
% Correct
Houston
94.9%
Moscow
94.7%
Istanbul
90.7%
Mexico City
88.8%
Havana
88.2%
Tokyo
83.9%
Winnipeg
83%
Casablanca
82.1%
% Correct
Honolulu
79.5%
Shanghai
77.6%
Delhi
72.5%
Singapore
56.2%
Muscat
54.7%
Lagos
51.4%
Bogotá
44.9%

Today's Daily Dose

You're not logged in!

Compare scores with friends on all Sporcle quizzes.
OR
Log In

Sporcle TV

Today on Sporcle TV


Watch our educational content, quiz creation guides, and fun videos on Sporcle TV.

Show Comments

Extras

Top Quizzes Today


Score Distribution

Your Account Isn't Verified!

In order to create a playlist on Sporcle, you need to verify the email address you used during registration. Go to your Sporcle Settings to finish the process.

Report this User

Report this user for behavior that violates our Community Guidelines.

Details: